| 000 | 01341nam a22002297a 4500 | ||
|---|---|---|---|
| 999 |
_c62880 _d62880 |
||
| 003 | Ge_BSU | ||
| 005 | 20250314144221.0 | ||
| 008 | 250314s1943 ge ||||| |||| 00| 0 geo d | ||
| 041 | _ageo | ||
| 080 | _a616(075.8) შ-66 | ||
| 245 |
_aშინაგან სნეულებათა პროპედევტიკა : _b სახელმძღ. სამედ. ინ-ტის სტუდენტთათვის / _cრედ. ა. ალადაშვილი. |
||
| 250 | _aმე-2 შესწ. და შევს. გამოც. | ||
| 264 |
_aთბილისი : _bსაქმედგამი, _c1943. |
||
| 300 |
_a402 გვ. : _bილ.; _c 25 სმ. |
||
| 500 | _aდანართი: უცხო სიტყვათა საძიებელი გვ. 379-382. საგნობრივი საძიებელი გვ. 383-390. | ||
| 501 | _aსახელების საძიებელი გვ. 391-394. | ||
| 504 | _aბიბლიოგრ. ლიტერატურა. გვ. 377-378. | ||
| 653 | _aშინაგან სნეულებათა პროპედევტიკა | ||
| 653 | _aმედიცინა | ||
| 700 |
_aალადაშვილი, ა. _eრედაქტორი _914178 |
||
| 942 |
_2udc _cᲬᲘᲒᲜᲘ |
||